[Event "Europe Echecs online op April"]
[Site "Europe Echecs INT"]
[Date "2020.04.11"]
[Round "10"]
[White "De Seroux, Camille"]
[Black "Camelin, Gilles"]
[Result "1-0"]
[WhiteElo "2171"]
[BlackElo "1582"]
[PlyCount "75"]
[EventDate "2020.04.11"]
[EventType "swiss (blitz)"]
[EventRounds "11"]
[EventCountry "FRA"]
[SourceTitle "EXT 2021"]
[Source "ChessBase"]
[SourceDate "2020.10.23"]
[SourceVersion "1"]
[SourceVersionDate "2020.10.23"]
[SourceQuality "1"]

1. e4 c5 2. Nc3 e6 3. g3 Nc6 4. Bg2 b6 5. Nge2 Bb7 6. 0-0 Qc7 7. d4 cxd4 8. Nxd4 Nxd4 9. Qxd4 Nf6 10. Bf4 d6 11. Nb5 Qc5 12. Qxc5 bxc5 13. Nc7+ Kd7 14. Nxa8 Bxa8 15. e5 Nd5 16. exd6 Bxd6 17. Bxd6 Kxd6 18. Rad1 Kc7 19. c4 Nb6 20. b3 Bxg2 21. Kxg2 Nd7 22. Rd2 Nf6 23. Rfd1 h6 24. h4 Re8 25. g4 Re7 26. f3 Nd7 27. Kg3 Nb8 28. Rd8 Nc6 29. Rg8 Nd4 30. Rxg7 Ne2+ 31. Kf2 Nc3 32. Rd2 Nb1 33. Rb2 Nc3 34. Rc2 Nb1 35. Rh7 Rd7 36. Rxh6 Na3 37. Re2 Rd3 38. Rh7 1-0

[Event "Syre Memorial op 33th"]
[Site "Issy les Moulineaux"]
[Date "2010.05.15"]
[Round "4"]
[White "Bounya, Myriam"]
[Black "Camelin, Gilles"]
[Result "0-1"]
[WhiteElo "1812"]
[BlackElo "1623"]
[PlyCount "32"]
[EventDate "2010.05.13"]
[EventType "swiss"]
[EventRounds "6"]
[EventCountry "FRA"]
[SourceTitle "EXT 2011"]
[Source "ChessBase"]
[SourceDate "2010.11.26"]
[SourceVersion "1"]
[SourceVersionDate "2010.11.26"]
[SourceQuality "1"]

1. d4 d5 2. c4 e5 3. dxe5 d4 4. Nf3 Nc6 5. a3 Nge7 6. b4 Ng6 7. Bb2 a5 8. b5 Ncxe5 9. Nxe5 Nxe5 10. Qxd4 Qxd4 11. Bxd4 Nxc4 12. e4 Be6 13. f4 0-0-0 14. Bf2 Nxa3 15. Nxa3 Bb4+ 16. Ke2 Bg4+ 0-1